000
00299nam a22001217a 4500
008
180519b xxu||||| |||| 00| 0 eng d
041
_a
eng
080
_a
043.3
100
_a
0
101
_a
SHKI-MA
245
_a
Sherbimi Kualitativ ne Routing Protokol AD-HOC Rrjete
_c
Hasani, G.P
942
_2
udc
_c
BK
999
_c
46028
_d
46028